000 01751nam a2200337Ia 4500
999 _c53855
_d53855
001 20906
003 GE_BSU
005 20210615180102.0
008 181216s2013||||ge |||||||||||||| ||geo||
020 _a9789941932281
040 _cGE_BSU
041 _ageo
080 _a349.2(479.22) ძ-21
100 _aძამუკაშვილი, დავით
_9925
245 _aშრომის სამართალი /
_cდავით ძამუკაშვილი.
250 _aმე-4 გადამუშავებული გამოცემა
264 _aთბილისი :
_bბონა კაუზა,
_c2013.
300 _a381გვ. ;
_c20 სმ.
490 _aიურისტის ბიბლიოთეკა
541 _h16ლ.
653 _aსამართალი
653 _aსაქართველოს შრომის ეროვნული სამართალი
653 _a შრომის სამართლის განვითარების მოკლე ისტორიული მიმოხილვა
653 _aშრომის სამართლის წყაროები
653 _a შრომითი ურთიერთობა და მისი სუბიექტები
653 _a შრომითი ურთიერთობის დამყარება
653 _aშრომის პირობები
653 _aშრომის სამართალი
653 _aროგორ დავიცვათ დამსაქმებლისა და დასაქმებულის უფლებები
942 _cBK
_2udc